Statistics for One-Team American Football Players

Click here to take the quiz!

General Stats

  • This quiz has been taken 25,934 times
    (10,441 since last reset)
  • The average score is 12 of 22

Answer Stats

TeamYearsPlayer% Correct
Ravens1996-2012Ray Lewis
92%
Lions2007-2015Calvin Johnson
82%
Broncos1983-1998John Elway
82%
Lions1989-1998Barry Sanders
80%
Dolphins1983-1999Dan Marino
80%
Browns1957-1965Jim Brown
67%
Cowboys1989-2000Troy Aikman
67%
Bears1975-1987Walter Payton
60%
Giants1981-1993Lawrence Taylor
59%
Packers1956–1971Bart Starr
58%
Steelers1970-1983Terry Bradshaw
55%
Bills1986-1996Jim Kelly
55%
Colts1996-2008Marvin Harrison
51%
Cowboys1988-1999Michael Irvin
48%
Giants1993-2007Michael Strahan
45%
Cowboys1969-1979Roger Staubach
44%
Steelers2003–2014Troy Polamalu
44%
Giants1979-1993Phil Simms
43%
Seahawks1976-1989Steve Largent
34%
Bears1965-1973Dick Butkus
31%
Bears1981-1992Mike Singletary
29%
Dolphins1967-1980Bob Griese
26%

Score Distribution

Percentile by Number Answered

Percent of People with Each Score

Your Score History

You have not taken this quiz since the last reset